[Event "FRA-chT Top 12 (Women) GpA"]
[Site "Bennwihr"]
[Date "2011.02.13"]
[Round "4.3"]
[White "Hild, Aurelia"]
[Black "Olguin, Monica"]
[Result "1/2-1/2"]
[WhiteElo "1590"]
[BlackElo "1870"]
[PlyCount "87"]
[EventDate "2011.02.11"]
[EventType "team-tourn"]
[EventRounds "5"]
[EventCountry "FRA"]
[SourceTitle "EXT 2012"]
[Source "ChessBase"]
[SourceDate "2011.11.24"]
[SourceVersion "1"]
[SourceVersionDate "2011.11.24"]
[SourceQuality "1"]
[WhiteTeam "Bennwihr (W)"]
[BlackTeam "Strasbourg (W)"]
[WhiteTeamCountry "FRA"]
[BlackTeamCountry "FRA"]

1. e4 e5 2. Nf3 Nf6 3. Nc3 Nc6 4. Bc4 Bc5 5. d3 h6 6. Be3 Bb6 7. Qd2 d6 8. h3 Bd7 9. Bb3 Qe7 10. Ne2 Na5 11. Ng3 Nxb3 12. axb3 Bxe3 13. Qxe3 a6 14. Nh4 Nd5 15. exd5 Qxh4 16. Qe4 Qxe4+ 17. dxe4 0-0 18. 0-0 f5 19. f3 f4 20. Ne2 Rf6 21. Kh2 Raf8 22. Rf2 g5 23. Rh1 h5 24. Kg1 R8f7 25. Kf1 g4 26. hxg4 hxg4 27. Ke1 g3 28. Rff1 c6 29. Nc3 b5 30. b4 Be8 31. Rh4 Rh7 32. Rxh7 Kxh7 33. Rh1+ Rh6 34. Rxh6+ Kxh6 35. Kd2 Kg5 36. Ke1 Bd7 37. Kf1 Kh4 38. dxc6 Bxc6 39. Ke1 Kg5 40. Ke2 Kf6 41. Kd3 Ke6 42. b3 Bb7 43. Kd2 Bc8 44. Kd3 1/2-1/2